WNBA QUIZ #1!!!!!! - Statistics

General Stats
  • This quiz has been taken 9 times
  • The average score is 14 of 16
Answer Stats
Picture Hint Answer % Correct
Indiana Fever Caitlin Clark
100%
Dallas Wings Paige Bueckers
100%
Indiana Fever Aliyah Boston
89%
Dallas Wings Azzi Fudd
89%
New York Liberty Breanna Stewart
89%
Minnesota LYNX Courtney Williams
89%
New York Liberty Jonquel Jones
89%
Minnesota LYNX Kayla McBride
89%
Indiana Fever Lexie Hull
89%
Minnesota LYNX Napheesa Collier
89%
Minnesota LYNX Olivia Miles
89%
New York Liberty Sabrina Ionescu
89%
Indiana Fever Raven Johnson
78%
New York Liberty Satou Sabally
78%
Dallas Wings Arike Ogunbowale
56%
Dallas Wings Maddy Siegrist
56%
No matching quizzes found
Score Distribution
Percent of People with Each Score
Percentile by Number Answered
Your Score History
You have not taken this quiz